000 00646cam a2200181 4500500
005 20260405002749.0
041 _afre
042 _adc
100 1 0 _aEltchaninoff, Michel
_eauthor
245 0 0 _aSouleymane Bachir Diagne : “Boko Haram a conquis le nord du Nigéria avec une idéologie d’opposition à l’école”
260 _c2018.
500 _a62
690 _aBoko Aram
690 _aDaech
690 _aSouleymane Bachir Diagne
786 0 _nPhilosophie magazine | 122 | 9 | 2018-09-01 | p. 10-10 | 1951-1787
856 4 1 _uhttps://shs.cairn.info/magazine-philosophie-magazine-2018-9-page-10?lang=fr&redirect-ssocas=7080
999 _c2060874
_d2060874